000 00398nam a2200181Ia 4500
001 830
005 20260306140547.0
008 260306t2019||||xx |||||||||||||| ||spa||
041 _aESP
082 _a170
_bM96
100 _aMuñoz, Rodrigo,
_eAUT
245 0 _aMoral social
260 _c2019
300 _a222 páginas :
_c24 cm.
650 _aGEN
654 _aCHU
942 _cLIB
_dJUS
_fJUS
_2ddc
_n
999 _c830
_d830